| 000 | 00672nam a22002177a 4500 | ||
|---|---|---|---|
| 999 |
_c7959 _d7959 |
||
| 003 | OSt | ||
| 005 | 20220809130223.0 | ||
| 008 | 220809b ||||| |||| 00| 0 eng d | ||
| 020 | _a7981461375166 | ||
| 040 | _cddc | ||
| 082 | _a620.0 BUN 1998 | ||
| 100 |
_aBungay, Henry R. _916166 |
||
| 245 | _aEnvironmental systems engineering. | ||
| 260 |
_aBoston : _b Kluwer Academic Publishers; _c©1998 |
||
| 300 |
_axii, 209 pages : _billustrations ; _c25 cm |
||
| 504 | _aIncludes bibliographical references and index. | ||
| 650 |
_aEnvironmental engineering. _95517 |
||
| 650 |
_aSanitary engineering. _916167 |
||
| 650 |
_aSystems engineering. _910738 |
||
| 942 |
_2ddc _cBOOK |
||